<?xml version="1.0" encoding="UTF-8"?>
<record
    xmlns:xsi="http://www.w3.org/2001/XMLSchema-instance"
    xsi:schemaLocation="http://www.loc.gov/MARC21/slim http://www.loc.gov/standards/marcxml/schema/MARC21slim.xsd"
    xmlns="http://www.loc.gov/MARC21/slim">

  <leader>01657cam a2200445 i 4500</leader>
  <controlfield tag="001">0007414380</controlfield>
  <controlfield tag="003">OSt</controlfield>
  <controlfield tag="005">20260530095858.0</controlfield>
  <controlfield tag="008">250210s2025    quca   j      000 1 fre  </controlfield>
  <datafield tag="020" ind1=" " ind2=" ">
    <subfield code="a">9782925215837</subfield>
  </datafield>
  <datafield tag="020" ind1=" " ind2=" ">
    <subfield code="a">2925215831</subfield>
  </datafield>
  <datafield tag="040" ind1=" " ind2=" ">
    <subfield code="a">QMBN</subfield>
    <subfield code="b">fre</subfield>
    <subfield code="e">rda</subfield>
    <subfield code="c">QMBN</subfield>
    <subfield code="d">QMBND</subfield>
  </datafield>
  <datafield tag="082" ind1="0" ind2="4">
    <subfield code="a">ALB BIS</subfield>
    <subfield code="b">B621a</subfield>
    <subfield code="2">23/fre/202510</subfield>
    <subfield code="m">b</subfield>
  </datafield>
  <datafield tag="082" ind1="0" ind2="4">
    <subfield code="a">843/.92</subfield>
    <subfield code="b">B621a</subfield>
    <subfield code="2">23/fre/202510</subfield>
  </datafield>
  <datafield tag="082" ind1="0" ind2="4">
    <subfield code="a">C843/.92</subfield>
    <subfield code="b">B621a</subfield>
    <subfield code="2">23/fre/202510</subfield>
    <subfield code="m">b</subfield>
  </datafield>
  <datafield tag="084" ind1=" " ind2=" ">
    <subfield code="a">C848/.926</subfield>
    <subfield code="b">B621a</subfield>
    <subfield code="2">z</subfield>
  </datafield>
  <datafield tag="091" ind1="0" ind2=" ">
    <subfield code="a">BIS</subfield>
  </datafield>
  <datafield tag="100" ind1="1" ind2=" ">
    <subfield code="a">Bisaillon, Jos&#xE9;e</subfield>
    <subfield code="d">1982-</subfield>
    <subfield code="e">auteur</subfield>
    <subfield code="e">illustrateur</subfield>
  </datafield>
  <datafield tag="245" ind1="1" ind2="0">
    <subfield code="a">Aujourd'hui, promis! /</subfield>
    <subfield code="c">texte et illustrations : Jos&#x11B; Bisaillon</subfield>
  </datafield>
  <datafield tag="264" ind1=" " ind2="1">
    <subfield code="a">[Montr&#x1CE;l] :</subfield>
    <subfield code="b">Fonfon,</subfield>
    <subfield code="c">[2025]</subfield>
  </datafield>
  <datafield tag="300" ind1=" " ind2=" ">
    <subfield code="a">1 volume (non pagin)&#x30C; :</subfield>
    <subfield code="b">illustrations en couleur ;</subfield>
    <subfield code="c">28 cm</subfield>
  </datafield>
  <datafield tag="336" ind1=" " ind2=" ">
    <subfield code="a">texte</subfield>
    <subfield code="b">txt</subfield>
    <subfield code="2">rdacontent</subfield>
  </datafield>
  <datafield tag="336" ind1=" " ind2=" ">
    <subfield code="a">image fixe</subfield>
    <subfield code="b">sti</subfield>
    <subfield code="2">rdacontent</subfield>
  </datafield>
  <datafield tag="337" ind1=" " ind2=" ">
    <subfield code="a">sans m&#x10F;iation</subfield>
    <subfield code="b">n</subfield>
    <subfield code="2">rdamedia</subfield>
  </datafield>
  <datafield tag="338" ind1=" " ind2=" ">
    <subfield code="a">volume</subfield>
    <subfield code="b">nc</subfield>
    <subfield code="2">rdacarrier</subfield>
  </datafield>
  <datafield tag="490" ind1="1" ind2=" ">
    <subfield code="a">Histoires de vivre</subfield>
  </datafield>
  <datafield tag="521" ind1=" " ind2=" ">
    <subfield code="a">Pour enfants de 4  1&#x309;1 ans</subfield>
  </datafield>
  <datafield tag="650" ind1=" " ind2="7">
    <subfield code="a">Devoirs  l&#x309;a maison</subfield>
    <subfield code="v">Fiction</subfield>
    <subfield code="2">vmj</subfield>
  </datafield>
  <datafield tag="650" ind1=" " ind2="7">
    <subfield code="a">Procrastination</subfield>
    <subfield code="v">Fiction</subfield>
    <subfield code="2">vmj</subfield>
  </datafield>
  <datafield tag="650" ind1=" " ind2="7">
    <subfield code="a">Distraction</subfield>
    <subfield code="v">Fiction</subfield>
    <subfield code="2">vmj</subfield>
  </datafield>
  <datafield tag="650" ind1=" " ind2="7">
    <subfield code="a">Imagination</subfield>
    <subfield code="v">Fiction</subfield>
    <subfield code="2">vmj</subfield>
  </datafield>
  <datafield tag="650" ind1=" " ind2="7">
    <subfield code="a">Responsabilit</subfield>
    <subfield code="v">Fiction</subfield>
    <subfield code="2">vmj</subfield>
  </datafield>
  <datafield tag="650" ind1=" " ind2="7">
    <subfield code="a">Dimanche</subfield>
    <subfield code="v">Fiction</subfield>
    <subfield code="2">vmj</subfield>
  </datafield>
  <datafield tag="655" ind1=" " ind2="7">
    <subfield code="a">Documents pour la jeunesse</subfield>
    <subfield code="2">rvmgf</subfield>
  </datafield>
  <datafield tag="655" ind1=" " ind2="7">
    <subfield code="a">Livres d'images</subfield>
    <subfield code="2">rvmgf</subfield>
  </datafield>
  <datafield tag="830" ind1=" " ind2="0">
    <subfield code="a">Collection Histoires de vivre</subfield>
  </datafield>
  <datafield tag="942" ind1=" " ind2=" ">
    <subfield code="2">ddc</subfield>
    <subfield code="c">ALBUM</subfield>
  </datafield>
  <datafield tag="999" ind1=" " ind2=" ">
    <subfield code="c">18864</subfield>
    <subfield code="d">18864</subfield>
  </datafield>
  <datafield tag="952" ind1=" " ind2=" ">
    <subfield code="0">0</subfield>
    <subfield code="1">0</subfield>
    <subfield code="2">ddc</subfield>
    <subfield code="4">0</subfield>
    <subfield code="7">0</subfield>
    <subfield code="a">HENRYVILLE</subfield>
    <subfield code="b">HENRYVILLE</subfield>
    <subfield code="d">2026-05-30</subfield>
    <subfield code="l">0</subfield>
    <subfield code="o">ALB BIS</subfield>
    <subfield code="p">30001030026779</subfield>
    <subfield code="r">2026-05-30 09:59:31</subfield>
    <subfield code="w">2026-05-30</subfield>
    <subfield code="y">ALBUM</subfield>
  </datafield>
</record>
